[Event "48th Rilton Cup 2018"]
[Site "Stockholm"]
[Date "2019.01.03"]
[Round "7"]
[White "Bellon Lopez, Juan Manuel"]
[Black "Lalith Babu M R"]
[Result "0-1"]
[WhiteElo "2349"]
[BlackElo "2529"]
[Annotator "ChessBase"]
[PlyCount "66"]
[EventDate "2018.12.27"]
[EventType "swiss"]
[EventCountry "SWE"]
[SourceTitle "playchess.com"]
[Source "ChessBase"]
[SourceQuality "1"]
[TimeControl "40/5400+30:1800+30"]

1. d4 {[%emt 0:01:11]} Nf6 {[%emt 0:00:00]} 2. Bg5 {[%emt 0:00:16]} c5 {[%emt 0:00:24]} 3. d5 {[%emt 0:01:01]} Ne4 {[%emt 0:00:06]} 4. h4 {[%emt 0:00:36]} Qb6 {[%emt 0:02:08]} 5. Nd2 {[%emt 0:01:11]} Nxd2 {[%emt 0:01:26]} 6. Bxd2 {[%emt 0:00:11]} Qxb2 {[%emt 0:01:56]} 7. e4 {[%emt 0:00:22]} Qb6 {[%emt 0:02:23]} 8. Bc3 {[%emt 0:04:02]} d6 {[%emt 0:01:25]} 9. Rb1 {[%emt 0:04:07]} Qc7 {[%emt 0:00:29]} 10. h5 {[%emt 0:01:19]} e5 {[%emt 0:03:34]} 11. f4 {[%emt 0:08:51]} Nd7 {[%emt 0:07:34]} 12. f5 {[%emt 0:04:42]} Nf6 {[%emt 0:01:01]} 13. Bb5+ {[%emt 0:12:30]} Bd7 {[%emt 0:04:33]} 14. Qd3 {[%emt 0:06:24]} a6 {[%emt 0:04:28]} 15. Bxd7+ {[%emt 0:00:06]} Qxd7 {[%emt 0:00:04]} 16. Nf3 {[%emt 0:03:25]} Be7 {[%emt 0:02:29]} 17. Nd2 {[%emt 0:00:52]} b5 {[%emt 0:00:10]} 18. Ba5 {[%emt 0:01:27]} h6 {[%emt 0:11:40]} 19. Qe2 {[%emt 0:09:11]} O-O {[%emt 0:05:16]} 20. a3 {[%emt 0:04:06]} Bd8 {[%emt 0:01:14]} 21. Bxd8 {[%emt 0:01:54]} Qxd8 {[%emt 0:00:09]} 22. Rb3 {[%emt 0:01:17]} c4 {[%emt 0:01:56]} 23. Rg3 {[%emt 0:00:28]} Qb6 {[%emt 0:01:39]} 24. Rh4 {[%emt 0:06:34]} Rac8 {[%emt 0:04:51]} 25. Rhg4 {[%emt 0:01:01]} Kh8 {[%emt 0:00:26]} 26. Rxg7 {[%emt 0:00:39]} Qg1+ {[%emt 0:00:48]} 27. Nf1 {[%emt 0:00:32]} c3 {[%emt 0:00:24]} 28. Qf3 {[%emt 0:04:04]} Qd4 {[%emt 0:09:22]} 29. R3g4 {[%emt 0:05:48]} Nxg4 {[%emt 0:01:07]} 30. Rxg4 {[%emt 0:05:17]} Rg8 {[%emt 0:00:41]} 31. Rxg8+ {[%emt 0:06:06]} Rxg8 {[%emt 0:00:36]} 32. g4 {[%emt 0:00:28]} f6 {[%emt 0:00:42]} 33. Qe3 {[%emt 0:00:40]} Rxg4 {[%emt 0:02:20]} 0-1

[Event "48th Rilton Cup 2018"]
[Site "Stockholm"]
[Date "2019.01.03"]
[Round "7"]
[White "Tryggestad, Andreas Garberg"]
[Black "Salomon, Johan"]
[Result "0-1"]
[WhiteElo "2333"]
[BlackElo "2494"]
[Annotator "TA"]
[PlyCount "119"]
[EventDate "2018.12.27"]
[EventType "swiss"]
[EventCountry "SWE"]
[SourceTitle "playchess.com"]
[Source "ChessBase"]
[SourceQuality "1"]

{[%evp 15,119,15,39,29,46,34,43,0,9,-5,38,30,32,14,29,0,21,28,28,2,21,0,26,0,18,17,23,10,34,-5,27,15,37,-29,-16,-17,-35,-44,-35,-18,-10,-54,-44,-50,-50,-104,-108,-121,-101,-141,-114,-124,-104,-101,-47,-28,-8,-117,-96,-77,-53,-61,-42,-62,-50,-62,-46,-64,-18,-19,-52,-45,-31,-43,-38,-64,-31,-58,-50,-114,-59,-60,-61,-73,-27,-58,-26,-256,-243,-372,-236,-258,0,-372,-356,-372,-336,-324,-244,-2308,-2029,-1850,-1672,-29978,-29979,-6452]} 1. d4 Nf6 2. c4 e6 3. Nf3 d5 4. g3 Bb4+ 5. Bd2 Bd6 (5... Be7 6. Bg2 O-O 7. O-O Nbd7 8. Nc3 c6 9. Bf4 dxc4 10. e4 Re8 11. a4 b6 12. d5 exd5 13. exd5 Bb7 14. a5 bxa5 15. d6 Bf8 16. Nd2 Nd5 17. Nxd5 cxd5 18. Nxc4 dxc4 19. Bxb7 {½-½ (42) Nakamura,H (2777)-Karjakin,S (2773) Saint Louis 2018}) 6. Bg2 {E01: Catalan: Early deviations} c6 7. O-O Nbd7 8. Qc2 Ne4 {LiveBook: 3 Games} 9. Nc3 Ndf6 10. Rad1 O-O 11. Bg5 $146 ({Predecessor:} 11. Ne5 Nxd2 12. Rxd2 Nd7 13. Nxd7 Qxd7 14. c5 Bc7 15. f4 f5 16. b4 b5 17. cxb6 axb6 18. a4 Bd6 19. Rb1 {½-½ (19) Kopnicky,V (2106)-Mrva,V (2072) Slovakia 2017}) 11... Nxg5 12. Nxg5 h6 13. Nf3 $1 Qa5 14. Nd2 Rd8 15. a3 Bf8 16. e4 dxe4 17. Ndxe4 Nxe4 18. Nxe4 Bd7 19. Rd3 Be8 20. Rfd1 Qc7 21. Qc3 Qe7 22. Bf3 a5 23. h4 a4 24. Kg2 (24. c5 $14) 24... f5 $11 25. Nd2 $1 e5 26. dxe5 Rxd3 27. Qxd3 Qxe5 28. Nb1 Qxb2 {Threatens to win with ...f4!} 29. Qxf5 Qf6 30. Qg4 ({Better is} 30. Qc2 $15) 30... h5 $17 31. Qe4 Bc5 32. Qe2 Bg6 33. Nd2 Re8 34. Ne4 Qf5 (34... Qf8 $17 35. Qc2 Re5) 35. Re1 $15 Bxa3 36. c5 (36. Qa2 $1 $11 Qa5 37. c5+ Kh8 38. Re2 Bxc5 39. Ng5 Rxe2 40. Qxe2) 36... Bxc5 37. Qc4+ Kh8 {[#] White must now prevent ...a3.} 38. Qxa4 Bf8 39. Re2 b5 40. Qa6 Qc8 41. Qb6 b4 42. Ng5 Rxe2 43. Bxe2 Be7 {Strongly threatening ...Bxg5.} 44. Bf3 Be8 45. Nh3 Qd8 46. Qb7 Qd7 $36 {[%mdl 2048] Black has good play.} 47. Qb6 (47. Qa8 $15) 47... g6 (47... c5 $17 48. Nf4 Bd6 49. Bxh5 Bxh5 50. Nxh5 Qe7) 48. Nf4 Kg7 49. Be4 Qd6 {Hoping for ...c5.} 50. Qb7 c5 {White should prevent ...c4.} 51. f3 $2 (51. Bd5 $1 $11 {and White has nothing to worry.}) 51... Qd2+ 52. Kf1 (52. Kh1 {was called for.} Qd7 53. Qa6) 52... Qd1+ 53. Kf2 Qd2+ (53... Qd7 $142 54. Qxd7 Bxd7 55. Nxg6 Bd6) 54. Kf1 $19 {[#]} Qd7 $1 55. Qxd7 Bxd7 56. Nxg6 Bd6 57. f4 $2 (57. Nf4 Be8 58. Ke2) 57... Kf6 58. Ke2 Bf5 59. Bxf5 Kxf5 60. Nh8 {Accuracy: White = 32%, Black = 40%.} 0-1

[Event "48th Rilton Cup 2018"]
[Site "Stockholm"]
[Date "2019.01.04"]
[Round "8"]
[White "Nabaty, Tamir"]
[Black "Kobalia, Mikhail"]
[Result "1-0"]
[WhiteElo "2670"]
[BlackElo "2620"]
[Annotator "TA"]
[PlyCount "161"]
[EventDate "2018.12.27"]
[EventType "swiss"]
[EventCountry "SWE"]
[SourceTitle "playchess.com"]
[Source "ChessBase"]
[SourceQuality "1"]

{[%evp 10,161,25,25,45,8,8,8,8,9,34,9,13,13,21,29,41,35,42,46,54,45,68,72,113,110,95,21,63,21,60,0,54,54,54,54,50,50,52,50,52,46,63,63,62,57,75,80,88,65,145,139,172,165,163,94,120,60,61,61,60,61,61,41,60,29,31,29,42,43,60,57,77,62,77,43,123,116,127,43,43,44,189,116,116,0,181,0,116,117,116,114,191,85,100,89,88,88,81,81,81,25,81,71,127,128,159,112,112,0,157,112,191,42,42,0,188,71,172,112,112,86,104,104,105,106,94,84,98,0,85,0,101,102,116,49,30,0,126,122,127,127,129,0,360,331,500,500,493,493,481,474,598,589]} 1. d4 d5 2. c4 c6 3. Nf3 Nf6 4. Nbd2 g6 5. e3 Bg7 6. b3 {LiveBook: 7 Games. D70: Grünfeld: Unusual White 3rd moves (met by ...d5)} (6. Bd3 O-O 7. O-O Nbd7 8. b3 b6 9. a4 a5 10. e4 dxe4 11. Nxe4 Bb7 12. Bb2 c5 13. Re1 Rc8 14. Qe2 cxd4 15. Bxd4 Nc5 16. Bxc5 bxc5 {1-0 (59) Nakamura,H (2785)-Caruana,F (2808) Stavanger 2017}) 6... c5 7. Bb2 cxd4 8. Nxd4 {The position is equal.} O-O 9. Be2 Nc6 $146 ({Predecessor:} 9... b6 10. O-O Bb7 11. Rc1 Nbd7 12. b4 a5 13. c5 bxc5 14. bxc5 {1-0 (40) Andreikin,D (2659)-Adhiban,B (2490) Puerto Madryn 2009}) 10. Nxc6 bxc6 11. O-O a5 12. Rc1 Ba6 13. Nf3 a4 14. b4 {[%cal Bb3b4,Bb4b5][%mdl 32]} a3 15. Bd4 (15. Bxa3 dxc4 16. Qc2 Nd5 $17) 15... Qb8 16. Qb3 Rc8 17. b5 Bb7 18. c5 (18. b6 $16 Ne4 19. Bxg7 Kxg7 20. c5) 18... cxb5 $1 $11 19. Ne5 (19. Be5 $5 {[%cal Re5b8]} Qa7 20. Bxb5 $16) 19... Bc6 20. e4 (20. Nxc6 $14 Rxc6 21. Bxf6 (21. Qxb5 Qe8 $14) 21... Bxf6 22. Qxd5) 20... e6 (20... Be8 $11 21. exd5 Ne4) 21. Nxc6 $14 Rxc6 22. Bxf6 $1 (22. Qxb5 Qc8 $11) 22... Bxf6 23. exd5 exd5 24. Bf3 ({Don't play} 24. Qxb5 Qc7 $15) 24... Rc7 25. Bxd5 Ra5 26. c6 b4 27. Rfd1 Qf8 28. Qg3 Raa7 29. Rc4 Bc3 (29... Kg7 $1 $14) 30. h4 $1 $16 Qe8 31. Re4 Re7 32. Qe3 (32. h5 $1 $18 {[%cal Rh5g6]} Rxe4 33. Bxe4) 32... Rac7 33. Qb6 ({White should try} 33. h5 $1 $16) 33... Rxe4 $14 34. Bxe4 Qe7 35. g3 h5 36. Bd5 Kg7 37. Bb3 Qe5 38. Kh2 {Rd7 is the strong threat.} Qf6 39. Bd5 Re7 40. Kg2 Qe5 41. Bf3 Qc7 42. Qc5 Re5 (42... Qa7 $14 43. Qc4 Qb6) 43. Qc4 $16 Re7 44. Rd3 (44. Rd5 $1 $16) 44... Qa7 $14 45. Bd5 Rc7 (45... Qb6 $1 $14) 46. Qf4 (46. g4 $1 $18) 46... Re7 $16 47. Qc4 (47. Rf3 $16) 47... Rc7 $18 48. Qf4 ({Better is} 48. g4 $1 $18) 48... Re7 $16 49. Rf3 Qc7 50. Qc4 f6 (50... f5 $16 {is a better defense.}) 51. Rd3 (51. Be6 $1 $18 {and White stays clearly on top.}) 51... Qb6 52. Bf3 Be1 53. Qc2 Bc3 54. Rd1 f5 55. Qc1 (55. Rd6 $16) 55... Bf6 (55... Qa5 $11) 56. Rd3 Bb2 ({Black should play} 56... b3 57. Rxb3 Qxb3 58. axb3 a2) 57. Qc4 Bc3 58. Rd1 Bf6 59. Rd3 Bc3 $1 60. Rd5 Qc7 (60... Bf6 $16 {was necessary.}) 61. Qc5 (61. Rb5 $18 {And now Rb7 would win.} Qd6 62. Rb7 Rxb7 63. cxb7) 61... Qa7 $1 $14 62. Qc4 (62. Qxa7 $14 Rxa7 63. Bd1) 62... Qc7 $18 63. Qb5 (63. Rc5 $18) 63... Kh7 (63... f4 $16) 64. Rd3 (64. Qd3 $18) 64... Kg7 $16 65. Bd5 f4 66. Qc4 fxg3 67. Rxg3 {Hoping for Be4.} Be5 68. Rd3 Bc3 69. Rg3 $40 {[%mdl 128] Strongly threatening Be4. White has some attack.} Be5 $1 {[%cal Re5g3]} 70. Rd3 Bc3 $1 71. Bf3 Rf7 72. Be4 (72. Rd5 $16) 72... Qb6 ({Wrong is} 72... Qf4 $2 73. Rf3 $18) 73. Bf3 (73. Rf3 $11 Rxf3 74. Bxf3 (74. Kxf3 Be5 $16)) 73... Qc7 $1 74. Rd5 $1 Qa7 75. Rc5 {aiming for c7.} Qc7 76. Rd5 (76. Rg5 $16) 76... Qb8 $2 {[%mdl 8192] [#]} (76... Qa7 $11) 77. Rg5 $1 $18 Qf4 (77... Qd6 $142 78. Bxh5 Qf4 79. Rxg6+ Kh7 80. Qxf4 Rxf4) 78. Qxf4 {White is clearly winning.} Rxf4 {[#]} 79. Rc5 $1 Rf8 80. c7 Rc8 {intending ...Bd4.} 81. Bb7 {Accuracy: White = 51%, Black = 38%.} 1-0

[Event "48th Rilton Cup 2018"]
[Site "Stockholm"]
[Date "2019.01.04"]
[Round "8"]
[White "Lagarde, Maxime"]
[Black "Hillarp Persson, Tiger"]
[Result "0-1"]
[WhiteElo "2616"]
[BlackElo "2546"]
[Annotator "ChessBase"]
[PlyCount "86"]
[EventDate "2018.12.27"]
[EventType "swiss"]
[EventCountry "SWE"]
[SourceTitle "playchess.com"]
[Source "ChessBase"]
[SourceQuality "1"]
[TimeControl "40/5400+30:1800+30"]

1. e4 {[%emt 0:07:18]} c5 {[%emt 0:00:00]} 2. Nf3 {[%emt 0:01:40]} e6 {[%emt 0:00:00]} 3. d4 {[%emt 0:00:13]} cxd4 {[%emt 0:00:00]} 4. Nxd4 {[%emt 0:00:02]} a6 {[%emt 0:00:00]} 5. Bd3 {[%emt 0:00:14]} Bc5 {[%emt 0:00:05]} 6. Nb3 {[%emt 0:00:11]} Be7 {[%emt 0:00:07]} 7. Qg4 {[%emt 0:00:16]} g6 {[%emt 0:00:07]} 8. Nc3 {[%emt 0:01:35]} d6 {[%emt 0:01:02]} 9. Qe2 {[%emt 0:08:54]} Nd7 {[%emt 0:02:05]} 10. O-O {[%emt 0:02:10]} Qc7 {[%emt 0:00:57]} 11. Kh1 {[%emt 0:05:00]} h5 {[%emt 0:02:57]} 12. a4 {[%emt 0:11:17]} b6 {[%emt 0:00:07]} 13. f4 {[%emt 0:07:56]} Ngf6 {[%emt 0:02:17]} 14. Bd2 {[%emt 0:09:23]} Bb7 {[%emt 0:06:11]} 15. Rae1 {[%emt 0:01:27]} h4 {[%emt 0:12:42]} 16. Kg1 {[%emt 0:06:52]} h3 {[%emt 0:11:04]} 17. g3 {[%emt 0:06:56]} Kf8 {[%emt 0:26:16]} 18. Nd4 {[%emt 0:12:19]} Qc5 {[%emt 0:05:47]} 19. Be3 {[%emt 0:00:05]} Qh5 {[%emt 0:00:21]} 20. Nf3 {[%emt 0:04:51]} Ng4 {[%emt 0:07:19]} 21. Bd2 {[%emt 0:01:06]} Nc5 {[%emt 0:02:20]} 22. Ng5 {[%emt 0:06:00]} Kg7 {[%emt 0:07:20]} 23. Nd1 {[%emt 0:02:58]} f6 {[%emt 0:04:18]} 24. Bc3 {[%emt 0:02:33]} e5 {[%emt 0:00:55]} 25. Nf3 {[%emt 0:00:33]} Nxa4 {[%emt 0:01:28]} 26. Bb4 {[%emt 0:00:06]} Nc5 {[%emt 0:00:15]} 27. Nc3 {[%emt 0:00:35]} Rhe8 {[%emt 0:01:08]} 28. f5 {[%emt 0:00:21]} d5 {[%emt 0:02:19]} 29. Ba3 {[%emt 0:01:00]} dxe4 {[%emt 0:01:55]} 30. Nxe4 {[%emt 0:00:03]} Nxe4 {[%emt 0:00:27]} 31. Bxe4 {[%emt 0:00:19]} Bxe4 {[%emt 0:00:25]} 32. Qxe4 {[%emt 0:00:56]} gxf5 {[%emt 0:01:33]} 33. Qb7 {[%emt 0:00:46]} Qf7 {[%emt 0:00:07]} 34. Bxe7 {[%emt 0:00:31]} Qxe7 {[%emt 0:00:33]} 35. Qxb6 {[%emt 0:00:28]} Rab8 {[%emt 0:01:18]} 36. Qxa6 {[%emt 0:00:33]} Qc5+ {[%emt 0:00:18]} 37. Kh1 {[%emt 0:00:02]} Rxb2 {[%emt 0:00:36]} 38. Rd1 {[%emt 0:00:42]} Rxc2 {[%emt 0:01:10]} 39. Rd7+ {[%emt 0:00:31]} Re7 {[%emt 0:00:24]} 40. Qb7 {[%emt 0:00:11]} Rxd7 {[%emt 0:01:02]} 41. Qxd7+ {[%emt 0:30:05]} Kh6 {[%emt 0:05:00]} 42. Qd8 {[%emt 0:00:00]} Qc8 {[%emt 0:07:30]} 43. Qd6 {[%emt 0:00:00]} Qa8 {[%emt 0:00:49]} 0-1

[Event "48th Rilton Cup 2018"]
[Site "Stockholm"]
[Date "2019.01.04"]
[Round "8"]
[White "Maze, Sebastien"]
[Black "Raja Rithvik R"]
[Result "1-0"]
[WhiteElo "2596"]
[BlackElo "2415"]
[Annotator "TA"]
[PlyCount "185"]
[EventDate "2018.12.27"]
[EventType "swiss"]
[EventCountry "SWE"]
[SourceTitle "playchess.com"]
[Source "ChessBase"]
[SourceQuality "1"]

{[%evp 14,185,32,8,55,28,18,35,25,26,19,0,1,-13,-12,-25,0,-12,5,-7,8,-19,0,-14,0,0,0,-18,0,0,0,0,0,0,0,0,0,0,0,3,0,1,85,78,76,78,73,85,100,109,113,112,106,106,104,20,20,20,20,20,20,20,20,20,20,20,20,20,20,20,20,20,26,20,20,20,20,20,20,20,20,20,20,0,0,0,0,0,0,0,0,0,0,0,0,0,0,0,0,0,0,0,0,0,5,0,5,5,8,8,10,12,26,8,64,0,27,33,63,64,75,64,89,73,145,152,176,100,145,145,184,145,192,192,207,184,1707,2033,416,199,192,204,158,152,662,171,1388,602,956,221,1274,1031,3195,1895,1027,222,29986,5089,29947,29950,6119,1583,258,0,12805,12804,6091,5102,29992,29993,29993,29994,29996,29997]} 1. e4 e5 2. Nf3 Nc6 3. Bc4 Bc5 4. O-O Nf6 5. d3 O-O 6. h3 d5 7. exd5 Nxd5 8. Re1 {LiveBook: 18 Games. C24: Bishop's Opening: 2...Nf6} (8. a4 f6 9. Nbd2 Be6 10. Nb3 Be7 11. Re1 Kh8 12. Bd2 Bg8 13. d4 exd4 14. Nbxd4 Nxd4 15. Nxd4 Qd7 {½-½ (66) Carlsen,M (2832)-Karjakin,S (2781) Paris 2017}) 8... Re8 9. Ng5 {Strongly threatening Qh5.} (9. d4 $5 Bb6 10. Ng5 $14) 9... Be6 ({Not} 9... b5 $2 10. Bxb5 Qd7 11. Qh5 $18) 10. Nxe6 $146 {The position is equal.} ({Predecessor:} 10. c3 Nf4 11. Nxe6 Nxe6 12. Nd2 Bf8 13. Nf3 Bd6 14. Bd5 Qf6 15. Be3 h6 {1-0 (59) Karthikeyan,M (2435)-Monnisha,G (2070) Golden Sands 2013}) 10... Rxe6 11. Nd2 Na5 12. Nb3 Nxb3 13. Bxb3 c6 14. Re4 Qb6 15. Qe1 Rae8 16. Bd2 h6 (16... Qd8 {is more complex.} 17. a4 f5 18. Re2 Qf6 19. a5 e4) 17. c3 Kh8 18. Rd1 f5 19. Re2 R6e7 $1 20. Bc1 a5 21. Qf1 Qc7 22. d4 exd4 23. Rxe7 Qxe7 24. cxd4 Bd6 25. Bd2 Bb4 26. Bxd5 cxd5 27. Bf4 Bd6 (27... Qe2 $11) 28. Bxd6 $16 Qxd6 {[%mdl 4096] Endgame KQR-KQR} 29. Qb5 Qc6 30. Qxa5 Re2 31. Qb4 Kh7 32. Re1 Rxe1+ 33. Qxe1 {KQ-KQ} Qc2 {[#]} 34. Qe5 (34. Qc3 $1 $16 {[%cal Rc3c2]} Qe2 35. a3) 34... Qxb2 $11 35. Qxf5+ Kh8 36. Qxd5 Qc1+ 37. Kh2 Qf4+ 38. g3 Qxf2+ 39. Qg2 Qxd4 40. Qxb7 Qd2+ 41. Qg2 Qa5 42. Qc2 Qa3 43. h4 h5 44. Qb3 Qc1 45. Qd5 Qb2+ 46. Qg2 Qa3 47. Qc2 Qb4 48. a4 Qa5 49. Qd1 Kh7 50. Qd3+ g6 51. Qd4 Qe1 52. Qa7+ Kh6 53. Qa8 {[%cal Ra8h8]} Qd2+ 54. Qg2 Qa5 55. Qe4 Qd2+ 56. Kg1 Qd1+ 57. Kf2 Qd2+ 58. Qe2 Qb4 59. Qc2 Qd4+ 60. Kf1 {White wants to play Qc1+.} Qb4 61. Qc1+ Kh7 62. Qc7+ Kg8 63. a5 {Black must now prevent Qc8+.} Qb1+ (63... Qe4 $11) 64. Kg2 (64. Ke2 $14) 64... Qe4+ 65. Kf2 Qd4+ 66. Kf3 Qd1+ 67. Kf4 {Threatens to win with Kg5.} Qg4+ 68. Ke3 {Qd6 is the strong threat.} Qe6+ ({Better is} 68... Qb4 69. Qb6 Qc3+ 70. Kf4 Qc1+ 71. Ke5 Qc3+ 72. Ke6 Qxg3) 69. Kd4 $16 {aiming for Qc4.} Qf6+ 70. Qe5 (70. Kc5 $18) 70... Qf2+ 71. Kd5 Qf3+ 72. Kd6 {And now Qd5+ would win.} Qf8+ 73. Kd7 {Threatening mate with Qe8.} Qf7+ 74. Kd8 Qc4 $2 (74... Qa2 75. Qe8+ Kg7 76. Qe5+ Kh7) 75. Qd6 Qe4 76. a6 (76. Kc7 $142) 76... Qa8+ $18 77. Kd7 Qa7+ 78. Ke6 Qf7+ 79. Ke5 {Intending Qe6 and mate.} Qf5+ $2 (79... Kh7 80. Kd4 Qa7+ 81. Kc4 Qg7) 80. Kd4 Qf2+ 81. Kc4 $2 (81. Kc3 Qe3+ 82. Kb4 Qe1+ 83. Kb5 Qe8+ 84. Kb6 Qe3+ 85. Kc6 Qc3+ 86. Kd7 Qg7+ 87. Kc8 Qc3+ 88. Qc7) 81... Qa2+ $2 (81... Kh7 82. Qc7+ Kg8 83. Qd8+ Kh7 84. Qc7+ Kg8 85. Qd8+ Kh7 86. Qd7+ Kh6) 82. Kb5 Qb3+ 83. Kc6 {White threatens Qd5+ and mate.} Qc4+ 84. Kd7 $2 (84. Kb6 Qb3+ 85. Kc7 Qf7+ 86. Kd8) 84... Qa4+ $2 (84... Kh7 $18 85. Ke7 Qe2+ 86. Kd8 Qa2 87. Qd7+ Kg8) 85. Kd8 (85. Ke7 $142 Qc2 86. a7 Qg2 87. Qxg6+ Kh8 88. Qxh5+ Kg7 89. Qf7+ Kh6 90. Qf8+ Kh5 91. Qe8+ Kg4 92. Qc8+ Kxg3 93. Qg8+ Kf2 94. Qxg2+ Kxg2 95. h5) 85... Qa5+ 86. Ke7 Kh7 87. Qd7 {Kf6+ would kill now.} Kh6 88. a7 $2 (88. Kf8 $18 {[%csl Gf8][%cal Rd7g7]} Qe5 89. a7 Qh8+ 90. Kf7) 88... Qc5+ $2 {[%mdl 8192]} (88... Qb4+ $11 89. Kf7 Qb3+ 90. Ke8 Qc3) 89. Kf7 Qc4+ {[#]} 90. Kf8 $1 {[%csl Gf8][%cal Rd7g7]} Qc5+ 91. Kg8 {[%csl Gg8][%cal Rd7h7] White mates.} Qc4+ 92. Qf7 Qe6 93. a8=Q {Precision: White = 55%, Black = 42%.} 1-0

[Event "48th Rilton Cup 2018"]
[Site "Stockholm"]
[Date "2019.01.04"]
[Round "8"]
[White "Karthikeyan, Murali"]
[Black "Valsecchi, Alessio"]
[Result "1/2-1/2"]
[WhiteElo "2591"]
[BlackElo "2497"]
[Annotator "ChessBase"]
[PlyCount "82"]
[EventDate "2018.12.27"]
[EventType "swiss"]
[EventCountry "SWE"]
[SourceTitle "playchess.com"]
[Source "ChessBase"]
[SourceQuality "1"]
[TimeControl "40/5400+30:1800+30"]

1. e4 {[%emt 0:00:00]} c5 {[%emt 0:01:48]} 2. Nf3 {[%emt 0:00:00]} e6 {[%emt 0:00:06]} 3. d4 {[%emt 0:00:00]} cxd4 {[%emt 0:00:07]} 4. Nxd4 {[%emt 0:00:02]} Nf6 {[%emt 0:00:07]} 5. Bd3 {[%emt 0:01:29]} Nc6 {[%emt 0:00:48]} 6. Nxc6 {[%emt 0:00:38]} bxc6 {[%emt 0:00:33]} 7. O-O {[%emt 0:02:16]} d5 {[%emt 0:00:26]} 8. Nd2 {[%emt 0:05:23]} Be7 {[%emt 0:00:46]} 9. e5 {[%emt 0:04:34]} Nd7 {[%emt 0:01:15]} 10. Nf3 {[%emt 0:00:41]} a5 {[%emt 0:04:10]} 11. Re1 {[%emt 0:02:29]} Ba6 {[%emt 0:06:58]} 12. Nd4 {[%emt 0:12:44]} Bxd3 {[%emt 0:06:29]} 13. cxd3 {[%emt 0:03:15]} Qb6 {[%emt 0:00:55]} 14. Qg4 {[%emt 0:02:07]} g6 {[%emt 0:04:11]} 15. Nf3 {[%emt 0:04:38]} h5 {[%emt 0:04:43]} 16. Qg3 {[%emt 0:13:21]} h4 {[%emt 0:09:51]} 17. Qg4 {[%emt 0:06:11]} c5 {[%emt 0:03:25]} 18. Bg5 {[%emt 0:05:55]} Qb4 {[%emt 0:04:05]} 19. d4 {[%emt 0:02:37]} Bxg5 {[%emt 0:05:16]} 20. Qxg5 {[%emt 0:04:09]} cxd4 {[%emt 0:02:41]} 21. Rad1 {[%emt 0:03:01]} Rh5 {[%emt 0:07:20]} 22. Qc1 {[%emt 0:02:00]} Rb8 {[%emt 0:02:20]} 23. b3 {[%emt 0:03:39]} Qc3 {[%emt 0:01:57]} 24. Qf4 {[%emt 0:01:12]} d3 {[%emt 0:05:28]} 25. Ng5 {[%emt 0:01:53]} Kd8 {[%emt 0:00:15]} 26. Nf3 {[%emt 0:11:18]} Ke8 {[%emt 0:01:15]} 27. Qe3 {[%emt 0:01:15]} h3 {[%emt 0:05:43]} 28. Rxd3 {[%emt 0:00:18]} Qc5 {[%emt 0:00:25]} 29. g4 {[%emt 0:01:30]} Rh8 {[%emt 0:05:12]} 30. Nd4 {[%emt 0:02:12]} Rc8 {[%emt 0:00:38]} 31. Qf4 {[%emt 0:02:09]} Qb4 {[%emt 0:01:56]} 32. Kf1 {[%emt 0:01:21]} Qb6 {[%emt 0:05:07]} 33. a4 {[%emt 0:00:53]} Qb4 {[%emt 0:00:56]} 34. Rf3 {[%emt 0:01:12]} Rh7 {[%emt 0:00:45]} 35. Qe3 {[%emt 0:00:31]} Rc5 {[%emt 0:02:18]} 36. Nb5 {[%emt 0:00:26]} Qxg4 {[%emt 0:01:03]} 37. Rg3 {[%emt 0:00:28]} Qh4 {[%emt 0:01:30]} 38. Qd2 {[%emt 0:00:37]} Qb4 {[%emt 0:02:14]} 39. Qg5 {[%emt 0:00:34]} Qh4 {[%emt 0:02:31]} 40. Qd2 {[%emt 0:00:16]} Qb4 {[%emt 0:01:38]} 41. Qg5 {[%emt 0:06:31]} Qh4 {[%emt 0:00:36]} 1/2-1/2

[Event "48th Rilton Cup 2018"]
[Site "Stockholm"]
[Date "2019.01.04"]
[Round "8"]
[White "Santos Latasa, Jaime"]
[Black "Rakesh Kumar Jena"]
[Result "1-0"]
[WhiteElo "2584"]
[BlackElo "2398"]
[Annotator "RC"]
[PlyCount "93"]
[EventDate "2018.12.27"]
[EventType "swiss"]
[EventCountry "SWE"]
[SourceTitle "playchess.com"]
[Source "ChessBase"]
[SourceQuality "1"]
[TimeControl "40/5400+30:1800+30"]

1. e4 {[%emt 0:00:00]} d6 {[%emt 0:00:02]} 2. d4 {[%emt 0:00:00]} g6 {[%emt 0:00:11]} 3. c4 {[%emt 0:00:00]} Bg7 {[%emt 0:00:18]} 4. Nc3 {[%emt 0:00:00]} Nc6 {[%emt 0:02:14]} 5. d5 {[%emt 0:01:51]} Ne5 {[%emt 0:01:17]} 6. Be2 {[%emt 0:02:26]} Nf6 {[%emt 0:00:58]} 7. f4 {[%emt 0:03:40]} Ned7 {[%emt 0:00:19]} 8. Nf3 {[%emt 0:00:08]} O-O {[%emt 0:00:06]} 9. O-O {[%emt 0:00:26]} c6 {[%emt 0:00:20]} 10. Be3 {[%emt 0:00:58]} cxd5 {[%emt 0:09:15]} 11. exd5 {[%emt 0:01:18]} Ng4 {[%emt 0:06:31]} 12. Bd4 {[%emt 0:00:25]} Bxd4+ {[%emt 0:00:07]} 13. Qxd4 {[%emt 0:00:08]} Qb6 {[%emt 0:00:03]} 14. b3 {[%emt 0:02:15]} Ne3 {[%emt 0:04:41]} 15. Rfc1 {[%emt 0:01:04]} Qxd4 {[%emt 0:00:06]} 16. Nxd4 {[%emt 0:00:07]} Nf6 {[%emt 0:00:29]} 17. Bf3 {[%emt 0:01:15]} Nf5 {[%emt 0:01:00]} 18. Nxf5 {[%emt 0:00:32]} Bxf5 {[%emt 0:02:35]} 19. Re1 {[%emt 0:00:12]} Rae8 {[%emt 0:03:21]} 20. Re3 {[%emt 0:01:15]} Kg7 {[%emt 0:00:05]} 21. Rae1 {[%emt 0:09:21]} Ng8 {[%emt 0:01:48]} 22. Nb5 {[%emt 0:00:54]} Bd7 {[%emt 0:00:08]} 23. Nd4 {[%emt 0:00:41]} Rc8 {[%emt 0:06:33]} 24. a4 {[%emt 0:00:48]} Rfe8 {[%emt 0:00:29]} 25. Kf2 {[%emt 0:01:13]} a6 {[%emt 0:01:48]} 26. g4 {[%emt 0:04:44]} Rc7 {[%emt 0:02:02]} 27. g5 {[%emt 0:00:36]} Rb8 {[%emt 0:05:25]} 28. Be2 {[%emt 0:00:41]} Rf8 {[%emt 0:04:13]} 29. Kg3 {[%emt 0:01:39]} h6 {[%emt 0:04:41]} 30. h4 {[%emt 0:01:28]} Bc8 {[%emt 0:06:29]} 31. Bd3 {[%emt 0:00:58]} f5 {[%emt 0:04:36]} 32. Bf1 {[%emt 0:04:45]} h5 {[%emt 0:04:39]} 33. a5 {[%emt 0:00:20]} e5 {[%emt 0:03:43]} 34. dxe6 {[%emt 0:00:52]} Ne7 {[%emt 0:00:07]} 35. Rd1 {[%emt 0:01:27]} d5 {[%emt 0:01:13]} 36. Re5 {[%emt 0:03:06]} dxc4 {[%emt 0:00:32]} 37. Bxc4 {[%emt 0:00:06]} Rd8 {[%emt 0:00:07]} 38. Kf2 {[%emt 0:00:11]} Kf8 {[%emt 0:04:48]} 39. Ke1 {[%emt 0:01:05]} Rd6 {[%emt 0:01:40]} 40. Rd2 {[%emt 0:03:53]} b5 {[%emt 0:01:39]} 41. axb6 {[%emt 0:31:54]} Rxb6 {[%emt 0:30:02]} 42. Kf2 {[%emt 0:03:00]} Rd6 {[%emt 0:01:03]} 43. Ke3 {[%emt 0:00:11]} Bb7 {[%emt 0:01:24]} 44. Nxf5 {[%emt 0:01:48]} Rxd2 {[%emt 0:01:01]} 45. Nxe7 {[%emt 0:00:06]} Rd1 {[%emt 0:02:47]} 46. Nxg6+ {[%emt 0:00:08]} Ke8 {[%emt 0:00:03]} 47. Rf5 {[%emt 0:00:19]} 1-0